Le panamericanisme et la sixième Conférence Panaméricaine (Record no. 23090)
[ view plain ]
| 000 -LEADER | |
|---|---|
| campo de control de longitud fija | 00707nam a2200169 i 4500 |
| 001 - NÚMERO DE CONTROL | |
| campo de control | 23090 |
| 003 - IDENTIFICADOR DE NÚMERO DE CONTROL | |
| campo de control | ES-MaACL |
| 005 - FECHA Y HORA DE LA ÚLTIMA TRANSACCIÓN | |
| campo de control | 20230906152821.0 |
| 007 - CAMPO FIJO DE DESCRIPCIÓN FÍSICA--INFORMACIÓN GENERAL | |
| campo de control de longitud fija | t| |
| 008 - DATOS DE LONGITUD FIJA--INFORMACIÓN GENERAL | |
| campo de control de longitud fija | 021209s1928 fr ||||1| fre d |
| 100 1# - ENTRADA PRINCIPAL--NOMBRE DE PERSONA | |
| Nombre de persona | Alvarez, Alejandro. |
| 9 (RLIN) | 20610 |
| 245 13 - MENCIÓN DEL TÍTULO | |
| Título | Le panamericanisme et la sixième Conférence Panaméricaine |
| Resto del título | : tenue a La Havane en 1928 : communication a l'Academie des Sciencies Morales y Politiques (Séance du 5 mai 1928) / |
| Mención de responsabilidad, etc. | par Alejandro Alvarez. |
| 260 ## - PUBLICACIÓN, DISTRIBUCIÓN, ETC. | |
| Lugar de publicación, distribución, etc. | París : |
| Nombre del editor, distribuidor, etc. | Les Editions Internationales, |
| Fecha de publicación, distribución, etc. | 1928 ( |
| Lugar de fabricación/manufactura | Issoudum : |
| Fabricante | Rapide du Centres) |
| 300 ## - DESCRIPCIÓN FÍSICA | |
| Extensión | 190 p. ; |
| Dimensiones | 25 cm. |
| 710 2# - ENTRADA AGREGADA--NOMBRE DE ENTIDAD CORPORATIVA | |
| Nombre de entidad corporativa o nombre de jurisdicción como elemento de entrada | Académie des sciences morales et politiques (Francia) |
| 9 (RLIN) | 1232 |
| 852 ## - LOCALIZACIÓN | |
| Ubicación | ES-MaACL |
| Número de control de estantería | A-333 |
| Sublocalización o colección | R.9573 |
| Estatus retirado | Estado de pérdida | Estado de daño | No para préstamo | Biblioteca de origen | Biblioteca actual | Ubicación en estantería | Fecha de adquisición | Fuente de adquisición | Total de préstamos | Signatura topográfica completa | Código de barras | Visto por última vez | Precio de reemplazo | Tipo de ítem Koha |
|---|---|---|---|---|---|---|---|---|---|---|---|---|---|---|
| Biblioteca del Ateneo de Madrid | Biblioteca del Ateneo de Madrid | Sala Pecera Planta 1 | 17/01/2008 | A-333 | 1023790 | 23/02/2023 | 23/02/2023 | Libro impreso |
